| 000 | 00585nam a2200193 i 4500 | ||
|---|---|---|---|
| 001 | 33571 | ||
| 003 | ES-MaACL | ||
| 005 | 20250822003238.0 | ||
| 007 | t| | ||
| 008 | 030202s1970 sp ||||1| spa d | ||
| 130 | 0 |
_aBiblia. _pN.T. _lEspañol. _9119294 |
|
| 245 | 1 | 0 |
_aNuevo Testamento / _ctraducción por Felipe de Fuenterrabía. |
| 250 | _a6ª ed. | ||
| 260 |
_aEstella (Navarra) : _bVerbo Divino, _c[1970] |
||
| 300 |
_a610 p. : _b1 map. ; _c15 cm. |
||
| 700 | 0 |
_aFelipe de Fuenterrabía, _d1919-2003 _9150919 |
|
| 852 |
_aES-MaACL _jC-42135 _bR.75185 |
||
| 999 |
_c33571 _d33571 |
||